Speaking Skills Practice at ESP Instruction at the University of Economics in Bratislava

Salvato in:
Dettagli Bibliografici
Autore principale: Ondrejová, Zuzana, 1953-
Natura: Capitolo di libro
Lingua:inglese
Soggetti:
Tags: Aggiungi Tag
Nessun Tag, puoi essere il primo ad aggiungerne!!

MARC

LEADER 00000naa$a2200000$$$4500
001 0195792
005 20240502083457.3
041 0 |a eng 
044 |a CZ 
245 1 0 |a Speaking Skills Practice at ESP Instruction at the University of Economics in Bratislava  |c Zuzana Ondrejová 
500 |a Abstrakt 
610 2 0 |a komunikácia verbálna 
610 2 0 |a jazykoveda 
100 1 |a Ondrejová, Zuzana, 1953-